Robustné riadenie mechatronických systémov : dátum obhajoby 23.8.2023

Guardado en:
Detalles Bibliográficos
Autor principal: Karkus, Romana (Autor)
Otros Autores: Kozáková, Alena (Orientador)
Formato: Manuscrito Libro
Lenguaje:eslovaco
Publicado: Bratislava : STU v Bratislave FEI, 2023
Materias:
Acceso en línea:https://opac.crzp.sk/?fn=detailBiblioFormChildMT36U&sid=08878EB2E7E37CD09B9571C0752B&seo=CRZP-detail-kniha
Etiquetas: Agregar Etiqueta
Sin Etiquetas, Sea el primero en etiquetar este registro!

MARC

LEADER 00000ntm a22000003a 4500
001 stuzp66060
003 SK-STU
005 20231106144015.9
007 ta
008 150427s2015----xo-----f-mn---000-0-slo-d
040 |a STU  |b slo 
041 0 |a slo 
044 |a xo 
100 1 |a Karkus, Romana  |u 030400  |4 aut  |U FEI Fakulta elektrotechniky a informatiky  |T FEI Ústav automobilovej mechatroniky  |X 70147  |U E400  |Y 642  |7 70147 
242 0 1 |a Robust control of mechatronic systems  |y eng 
245 1 0 |a Robustné riadenie mechatronických systémov :  |b dátum obhajoby 23.8.2023 
260 |a Bratislava :  |b STU v Bratislave FEI,  |c 2023 
300 |a 101 s.,  |b Autoref. 2023, 29 s. 
500 |a Len v elektronickej podobe 
650 4 |a neurčitý systém  |2 slo 
650 4 |a parametrická neurčitosť  |2 slo 
650 4 |a decentralizovaný regulátor  |2 slo 
650 4 |a robustná stabilita  |2 slo 
650 4 |a robustná kvalita  |2 slo 
650 4 |a Metóda ekvivalentných podsystémov  |2 slo 
650 4 |a QFT prístup  |2 slo 
650 4 |a Nicholsov diagram  |2 slo 
650 4 |a uncertain system  |2 eng 
650 4 |a parametric uncertainty  |2 eng 
650 4 |a decentralized controller  |2 eng 
650 4 |a robust stability  |2 eng 
650 4 |a robust performance  |2 eng 
650 4 |a Equivalent Subsystems Method  |2 eng 
650 4 |a QFT approach  |2 eng 
650 4 |a Nichols diagram  |2 eng 
700 1 |a Kozáková, Alena  |u 030400  |k Z1  |4 ths  |U FEI Fakulta elektrotechniky a informatiky  |T FEI Ústav automobilovej mechatroniky  |X 4939  |U E400  |Y 642  |7 A000004939 
856 4 |u https://opac.crzp.sk/?fn=detailBiblioFormChildMT36U&sid=08878EB2E7E37CD09B9571C0752B&seo=CRZP-detail-kniha